000 00699nam a2200241Ia 4500
003 OSt
005 20220918205550.0
006 a|||||r|||| 00| 0
007 ta
008 220917b |||||||| |||| 00| 0 eng d
024 _a117,052
037 _cTextual
040 _aARTS
_cARTS
_beng
041 _2eng
_aeng
082 _aV663:19(X).M, M8
100 _aSchroeter Daniel J
_9115481
245 0 _aMerchants of Essaouira
_b Urban society and imperialism in South Westren Morocco 1844-1886
260 _aCambridge
_bC U P
_c1988
300 _axxi, 322p.
_ccm.
650 _aHISTORY
942 _hV663:19(X).M, M8
_cTEXL
_2CC
999 _c240346
_d240346